000 01507nam0a2200385 4500
001 RU\NLR\BIBL_A\012524492
005 20210607103904.0
010 _a978-5-907289-73-4
_91000
021 _aRU
_bКН-П-20-090923
_9КН-П-20-6900
035 _a(NLR Aleph) 012524492
035 _a(RuMoRGB)010544935
090 _a12338801
_c12338801
100 _a20210521d2021 u y0rusy50 ca
101 0 _arus
102 _aRU
105 _aa|||z|||000zy
181 0 _ai3
_baxxe
182 0 _an
200 1 _aКури, пока не сдохнешь! или Тысяча сквозняков
_fНаталья Грэйс
203 _aТекст
_bвизуальный
_cнепосредственный
210 _aМосква
_cКонцептуал
_d2021
215 _a333, [19] с.
_cил., портр.
_d17
300 _aАвт. указан на обл.
333 _a18+
517 1 _aТысяча сквозняков
606 1 _aКурение
_jПопулярные издания
_xПсихопрофилактика
_91419713
_3RU\NLR\AUTH\66598956
606 1 _aКурение
_jПопулярные издания
_xВред
_91017265
_3RU\NLR\AUTH\6670495
610 0 _aтабакокурение
686 1 _aС550.8я9
686 1 _aР120.482.2я9
700 1 _aГрэйс
_bН. Е.
_f1974-
_gНаталья Евгеньевна
_9152577
_3RU\NLR\AUTH\770152615
942 _cBOOK
980 _aNB